000 00315nam a22001337a 4500
008 190305b xxu||||| |||| 00| 0 eng d
020 _a0878351884
041 _aeng
080 _a004
100 _a28
101 _aSHK
245 _aComputer fundamentals with Application Software
_cShelly,G.B
942 _2udc
_cBK
999 _c54509
_d54509